| 000 | 00429nam a2200169 a 4500 | ||
|---|---|---|---|
| 001 | 3040 | ||
| 003 | CDMR | ||
| 005 | 20130116135239.0 | ||
| 008 | 130130s1979||||||||||||||||||||||||||||d | ||
| 040 |
_aCDMR _bcat _cCDMR |
||
| 100 | 1 |
_aPermanyer, Lluís _9469 |
|
| 245 | 1 | 0 |
_aPaís _cLluís Permanyer |
| 260 |
_aBarcelona _c1979 _bPlaza & Janés |
||
| 300 |
_a217 p ; _c19 cm |
||
| 650 | 0 | 4 |
_aPeriodistes catalans _vArticles _94 |
| 942 | _cMON | ||
| 999 |
_c3040 _d3040 |
||